000 00432nam a2200181Ia 4500
001 9179
005 20260306160704.0
008 260306t2005||||xx |||||||||||||| ||spa||
041 _aESP
082 _a375
_bC97
100 _aGonzáles Moreyra, Raúl
_eAUT
245 0 _aCurrículum:
_blineamientos básicos
260 _c2005
300 _a177 páginas :
_c22 cm.
650 _aGEN
654 _aCED
942 _cLIB
_dJUS
_fJUS
_2ddc
_n
999 _c9179
_d9179